000 00978na a2200325 4500
001 16566
003 MIRAKIL
005 20181213155029.0
008 161012b tu 000 0
020 _a9759839121
035 _a16566
040 _aMilas
_btur
_cTR-AnCHP
041 _atur
082 _a956.101543
_bÇ25 2004
090 _a956.101543 Ç25 2004
245 _aÇanakkale
_bArıburun kahramanları
_chaz. Nebahat Efe Yıldız, Cemalettin Yıldız
246 _aArıburun kahramanları
260 _aİzmir
_b[yayl.y.]
_c2004
300 _a265 s.
_bfotg.
_c20 sm.
500 _aYapıt yazarından imzalıdır.
504 _aKaynakça var.
650 _aŞehit ve gaziler
_xYaşamöyküsü
650 _aArıburnu Savaşı
_xAnılar
650 _aÇanakkale Savaşları
_xAnılar
651 _aTürkiye
_xSiyasal tarih
657 _aÇanakkale savaşı tarihi
700 _aYıldız, Cemalettin
700 _aYıldız, Nebahat Efe
942 _2ddc
_cBKS
999 _c5150
_d5150